La ocupación de la mirada (Record no. 174921)
[ view plain ]
| 000 -LEADER | |
|---|---|
| campo de control de longitud fija | 00955nam a2200241 4500 |
| 001 - NÚMERO DE CONTROL | |
| campo de control | 174921 |
| 003 - IDENTIFICADOR DE NÚMERO DE CONTROL | |
| campo de control | ES-MaACL |
| 005 - FECHA Y HORA DE LA ÚLTIMA TRANSACCIÓN | |
| campo de control | 20230906215708.0 |
| 008 - DATOS DE LONGITUD FIJA--INFORMACIÓN GENERAL | |
| campo de control de longitud fija | 100708s2008 sp af |||| | spa d |
| 020 ## - NÚMERO INTERNACIONAL ESTÁNDAR DEL LIBRO | |
| Número Internacional Estándar del Libro | 978-84-96812-15-4 |
| 080 ## - NÚMERO DE LA CLASIFICACIÓN DECIMAL UNIVERSAL | |
| Número de la Clasificación Decimal Universal | 73 Martínez del Río, Luis Jaime (083.824) |
| 100 1# - ENTRADA PRINCIPAL--NOMBRE DE PERSONA | |
| Nombre de persona | Martínez del Río, Luis Jaime. |
| 9 (RLIN) | 78049 |
| 245 13 - MENCIÓN DEL TÍTULO | |
| Título | La ocupación de la mirada |
| Resto del título | : Casa de la Entrevista, Alcalá de Henares / |
| Mención de responsabilidad, etc. | Luis Jaime Martínez del Río ; [textos, Fernando Castro Flórez ... et al.]. |
| 260 ## - PUBLICACIÓN, DISTRIBUCIÓN, ETC. | |
| Lugar de publicación, distribución, etc. | Alcalá de Henares : |
| Nombre del editor, distribuidor, etc. | Fundación Colegio del Rey, |
| Fecha de publicación, distribución, etc. | [2008] |
| 300 ## - DESCRIPCIÓN FÍSICA | |
| Extensión | [32] p. : |
| Otras características físicas | il. col. y n. ; |
| Dimensiones | 26 cm. |
| 600 17 - PUNTO DE ACCESO ADICIONAL DE MATERIA--NOMBRE DE PERSONA | |
| Nombre de persona | Martínez del Río, Luis Jaime- |
| Subdivisión de forma | Exposiciones. |
| 9 (RLIN) | 143204 |
| 655 #7 - TERMINO DE INDIZACIÓN--GENERO/FORMA | |
| Fuente del término | tgfbne |
| 9 (RLIN) | 193628 |
| Datos o término principal de género/forma | Catálogos de exposiciones |
| 700 1# - ENTRADA AGREGADA--NOMBRE PERSONAL | |
| Nombre de persona | Castro Flórez, Fernando. |
| 9 (RLIN) | 143205 |
| 710 2# - ENTRADA AGREGADA--NOMBRE DE ENTIDAD CORPORATIVA | |
| Nombre de entidad corporativa o nombre de jurisdicción como elemento de entrada | Fundación Colegio del Rey. |
| 9 (RLIN) | 4254 |
| 852 4# - LOCALIZACIÓN | |
| Ubicación | ES-MaACL |
| Número de control de estantería | 2280-F-3 |
| 942 ## - ELEMENTOS DE ENTRADA SECUNDARIOS (KOHA) | |
| Fuente del sistema de clasificación o colocación | Clasificación decimal universal |
| Estatus retirado | Estado de pérdida | Estado de daño | No para préstamo | Colección | Biblioteca de origen | Biblioteca actual | Ubicación en estantería | Fecha de adquisición | Fuente de adquisición | Total de préstamos | Signatura topográfica completa | Código de barras | Visto por última vez | Precio de reemplazo | Tipo de ítem Koha |
|---|---|---|---|---|---|---|---|---|---|---|---|---|---|---|---|
| Colección de folletos | Biblioteca del Ateneo de Madrid | Biblioteca del Ateneo de Madrid | Depósito folletos | 08/07/2010 | 2280-F-3 | 1183656 | 23/02/2023 | 23/02/2023 | Folleto |
